| 000 | 00000nam 2200000zi 4500 |
| 001 | 9.919070 |
| 003 | CaOODSP |
| 005 | 20230531130240 |
| 006 | m o d f |
| 007 | cr cn||||||||| |
| 008 | 230112t20092008onco ob f000 0 eng d |
| 040 | |aCaOODSP|beng|erda|cCaOODSP |
| 041 | 0 |aeng|afre|aspa |
| 043 | |an-cn--- |
| 086 | 1 |aA22-678/2008-PDF |
| 245 | 00|aUltraviolet & reverse osmosis for micro-systems = |bUltraviolet et osmose inverse pour les micro-systèmes = Luz ultravioleta y osmosis inversa para microsistemas. |
| 246 | 11|aUltraviolet et osmose inverse pour les micro-systèmes |
| 246 | 11|aLuz ultravioleta y osmosis inversa para microsistemas |
| 246 | 17|aReverse osmosis and ultraviolet treatment for drinking water supplies |
| 246 | 17|aOsmose inverse et traitement ultraviolet pour les systèmes d'approvisionnement en eau potable |
| 246 | 17|aMuestreo del agua |
| 250 | |aVersion 1.3 |
| 264 | 1|a[Ottawa] : |bInterdepartmental Water Quality Training Board (IWQTB) = Le Conseil interministériel de formation sur la qualité de l'eau (CIFQE), |c[2009] |
| 264 | 4|c©2008 |
| 300 | |a1 online resource (1 volume (various pagings)) : |bphotographs |
| 336 | |atext|btxt|2rdacontent |
| 337 | |acomputer|bc|2rdamedia |
| 338 | |aonline resource|bcr|2rdacarrier |
| 500 | |aCover title. |
| 500 | |a"3 in a series = 3ième dans la collection." |
| 504 | |aIncludes bibliographical references (page 21). |
| 520 | |a"Small residential Point of Use - Reverse Osmosis (POU-RO) water treatment units are often installed at one dedicated tap to treat private drinking water supplies. POU-RO units are very effective at removing many chemical contaminants from drinking water"--Introduction, page 1. |
| 546 | |aText in English, French and Spanish. |
| 650 | 0|aWater|xPurification|xReverse osmosis process|zCanada. |
| 710 | 2 |aInterdepartmental Water Quality Training Board (Canada), |eissuing body. |
| 792 | |tUltraviolet & reverse osmosis for micro-systems = |efre|w(CaOODSP)9.919074 |
| 856 | 40|qPDF|s1.51 MB|uhttps://publications.gc.ca/collections/collection_2023/aac-aafc/A22-678-2008.pdf |